ბათუმის შოთა რუსთაველის სახელმწიფო უნივერსიტეტის ბიბლიოთეკა

ეტიმოლოგიური ძიებანი. ნაკვეთი 1 (ბიბ.ჩანაწერი № 51192)

000 -LEADER
fixed length control field 00883nam a2200253Ia 4500
001 - CONTROL NUMBER
control field 18151
003 - CONTROL NUMBER IDENTIFIER
control field GE_BSU
008 - FIXED-LENGTH DATA ELEMENTS--GENERAL INFORMATION
fixed length control field 181216s||||||||xx |||||||||||||| ||und||
020 ## - INTERNATIONAL STANDARD BOOK NUMBER
International Standard Book Number 99928-79-93-4
040 ## - CATALOGING SOURCE
Transcribing agency GE_BSU
080 ## - UNIVERSAL DECIMAL CLASSIFICATION NUMBER
Universal Decimal Classification number 811.353.1'373.6
100 ## - MAIN ENTRY--PERSONAL NAME
Personal name ფეიქრიშვილი, ჟუჟუნა
245 ## - TITLE STATEMENT
Title ეტიმოლოგიური ძიებანი. ნაკვეთი 1
245 ## - TITLE STATEMENT
Statement of responsibility, etc. რედ.: ლ. კვანტალიანი
260 ## - PUBLICATION, DISTRIBUTION, ETC.
Place of publication, distribution, etc. ქუთაისი
260 ## - PUBLICATION, DISTRIBUTION, ETC.
Name of publisher, distributor, etc. ქუთაისის უნ-ტის გამ-ბა
260 ## - PUBLICATION, DISTRIBUTION, ETC.
Date of publication, distribution, etc. 2005
300 ## - PHYSICAL DESCRIPTION
Extent 96 გვ.20სმ.
653 ## - INDEX TERM--UNCONTROLLED
Uncontrolled term ეტიმოლოგიური ძიებანი
653 ## - INDEX TERM--UNCONTROLLED
Uncontrolled term ქართული ენა
653 ## - INDEX TERM--UNCONTROLLED
Uncontrolled term ქართული ენის ეტიმოლოგია
942 ## - ADDED ENTRY ELEMENTS (KOHA)
Koha item type წიგნი
ეგზემპლარები
Withdrawn status Lost status Damaged status Not for loan Date acquired Barcode Date last seen Price effective from Koha item type
        2018-12-17 46278 2018-12-17 2018-12-17 წიგნი
        2018-12-17 46279 2018-12-17 2018-12-17 წიგნი